Breve exposición y comentario a las nuevas rúbricas del misal romano

Guardat en:
Dades bibliogràfiques
Autor principal: Tueda, Carlos de (Autor)
Format: Llibre
Idioma:espanyol
Publicat: Pamplona Nuestra Señora de los Dolores 1921
Edició:1a. ed
Matèries:
Etiquetes: Afegir etiqueta
Sense etiquetes, Sigues el primer a etiquetar aquest registre!

MARC

LEADER 00000cam a2200000 a 4500
001 UCE9705
003 CL-VaPUC
008 151029e19210000sp |||||||||||||||||spa|d
082 0 4 |a 264  |b TUE  |2 21 
100 0 |a Tueda, Carlos de  |e author  |9 582596 
245 1 0 |a Breve exposición y comentario a las nuevas rúbricas del misal romano 
250 |a 1a. ed 
300 |a 152 p 
942 |c BK 
945 |d 20151029 22:28:00  |a gsalatino 
260 |a Pamplona  |b Nuestra Señora de los Dolores  |c 1921 
650 0 |a Misal Romano   |9 516480 
650 0 |a Liturgia católica  |9 516111 
650 7 |a DOCUMENTOS  |2 CL-VaPUC  |9 366450 
583 |a last modification  |c 20151029 22:28:00  |k Rodrigo Vera 
999 |c 361350  |d 361348 
952 |0 0  |1 0  |3 erb  |4 0  |6 264_000000000000000_TUE_1921  |7 0  |8 P  |9 471788  |a BIBTEO  |b BIBTES  |c TEO_FTES  |i 5208335  |o 264 TUE 1921  |p 5208335  |r 2024-01-18  |w 2019-11-24  |y BK  |z Catalogado en:20151029  |k ICR